La Agroindustria de la palma de aceite en Colombia (Registro nro. 6277)

Detalles MARC
000 -CABECERA
Campo de control 00738nam a2200229 a 4500
005 - FECHA Y HORA DE LA ULTIMA TRANSACCION
Campo de control 20140318104207.0
008 - ELEMENTOS DE LONGITUD FIJA—INFORMACION GENERAL
Campo de control 140224s2006 ck ao gr|||| 00| 0 spa d
041 ## - IDIOMA
Código de idioma para texto/pista de sonido o título separado Español
044 ## - PAÍS DE PUBLICACIÓN
País de publicación Colombia
082 ## - NUMERO DE CLASIFICACION DECIMAL DEWEY
Número de clasificación 634.974
Número del ítem F29a
090 ## - CLASIFICACIÓN LOCAL
Colección LB
Consecutivo 05262
110 2# - ASIENTO PRINCIPAL--NOMBRE CORPORATIVO
Unidad subordinad Federación Nacional de Cultivadores de Palma de Aceite
245 13 - MENCION DE TITULO
Título La Agroindustria de la palma de aceite en Colombia
250 ## - MENCION DE EDICION
Mención de edición Tercera Edición
260 3# - PUBLICACION, DISTRIBUCION, ETC. (PIE DE IMPRENTA)
Lugar de publicación, distribución, etc. Bogotá
Nombre del editor, distribuidor, etc. Fedepalma
Fecha de publicación, distribución, etc. 2006
300 ## - DESCRIPCION FISICA
Extensión 32 p.
Otros detalles físicos il., fot.
Dimensiones 33 cm
650 #4 - ASIENTO SECUNDARIO DE MATERIA - TERMINO TEMATICO
Término temático o nombre geográfico como elemento de entrada Palma africana
Subdivisión general Industria y comercio
Subdivisión geográfica Colombia
650 #4 - ASIENTO SECUNDARIO DE MATERIA - TERMINO TEMATICO
Término temático o nombre geográfico como elemento de entrada Palma africana
Subdivisión general Producción
Subdivisión geográfica Colombia
650 #4 - ASIENTO SECUNDARIO DE MATERIA - TERMINO TEMATICO
Término temático o nombre geográfico como elemento de entrada Aceite de palma
Subdivisión general Producción
Subdivisión geográfica Colombia
942 ## - ELEMENTOS ADICIONALES (KOHA)
Tipo de ítem Impreso
Sistema de clasificación Dewey Decimal Classification
945 ## - PROCESAMIENTO LOCAL
AAAA-MM-DD - Fecha de ingreso o modificacion 2008-05-08
Existencias
Withdrawn status Lost status Sistema de Clasificación Damaged status No para préstamo Colección Inventariado Ubicación Permanente Ubicación actual Fecha de adquisición Fuente de Valor Valor Total Checkouts Número topográfico Inventario / Código de Barras Date last seen Ejemplar Price effective from Forma de adquisición Tipo de material
    Dewey Decimal Classification     General Inventariado 2017 Bogotá Bogotá 24/02/2014 Instituto 15000.00   LB-634.974 F29a 059887 24/02/2014 Ej. 3 24/02/2014   Libro
    Local     Audiovisual   Bogotá Bogotá 09/02/2017 Fedepalma     AV-00359 025989 09/02/2017 Ej. 1 09/02/2017 Canje DVD
    Dewey Decimal Classification     General Inventariado 2017 Sala Fabio Quevedo Sala Fabio Quevedo 11/03/2014 Instituto 15000.00   LB-634.974 F29a 034157 11/03/2014 Ej. 4 11/03/2014   Libro